Molecular exercise physiology : an introduction (Record no. 32747)

MARC details
000 -LEADER
fixed length control field 00641nam a2200193Ia 4500
020 ## - INTERNATIONAL STANDARD BOOK NUMBER
ISBN 9781138086883
050 ## - CALL MARK
Classification number GV 558 .M65/
100 ## - STATEMENT OF RESPONSIBILITY--MAIN AUTHOR NAME
Personal name edited by Sharples Adam P., Morton James, Wackerhage Henning
245 #0 - TITLE STATEMENT
Title Molecular exercise physiology : an introduction
250 ## - EDITION / VOLUME STATEMENT
Edition / Volume statement 2ed.
260 ## - PUBLICATION, DISTRIBUTION, ETC. (IMPRINT)
Place of publication New York
260 ## - PUBLICATION, DISTRIBUTION, ETC. (IMPRINT)
Name of publisher Routledge, Taylor & Francis Group
260 ## - PUBLICATION, DISTRIBUTION, ETC. (IMPRINT)
Year of publication 2024
300 ## - PHYSICAL DESCRIPTION
Number of Pages xiii, 343p. :ill. ; 25cm.
650 ## - SUBJECT ADDED ENTRY--TOPICAL TERM
Topical Term Sports sciences. Sports medicine. Genetics. Sports--Physiological aspects. Exercise--Physiological aspects.
942 ## - ADDED ENTRY ELEMENTS (KOHA)
Koha item type Books
Holdings
Withdrawn status Lost status Source of classification or shelving scheme Damaged status Not for loan Permanent Location Current Location Shelving location Date acquired Accession Number Price effective from Koha item type
    Library of Congress Classification     NILE UNIVERSITY OF NIGERIA - MAIN LIBRARY NILE UNIVERSITY OF NIGERIA - MAIN LIBRARY Items on shelf 04/23/2025 0198088 04/23/2025 Books